Statistics for Countries With The Largest Proven Oil Reserves

Click here to take the quiz!

General Stats

  • This quiz has been taken 50 times
  • The average score is 15 of 20

Answer Stats

Barrels Country % Correct
36,520,000,000United States
100%
171,000,000,000Canada
100%
157,800,000,000Iran
97%
268,300,000,000Saudi Arabia
97%
144,200,000,000Iraq
95%
103,200,000,000Russia
95%
97,800,000,000United Arab Emirates
95%
24,650,000,000China
87%
9,812,000,000Mexico
87%
104,000,000,000Kuwait
85%
15,310,000,000Brazil
82%
298,400,000,000Venezuela
79%
25,240,000,000Qatar
79%
37,070,000,000Nigeria
69%
48,360,000,000Libya
69%
12,200,000,000Algeria
67%
9,011,000,000Angola
51%
30,000,000,000Kazakhstan
46%
8,832,000,000Ecuador
41%
7,000,000,000Azerbaijan
26%

Score Distribution

Percentile by Number Answered

Percent of People with Each Score

Your Score History

You have not taken this quiz